000 00266nam a2200109Ia 4500
005 20251222114356.0
008 251222s1900||||xx |||||||||||||| ||spa||
082 _aDVD0040/S75.2/1984
245 0 _aIndiana Jones y el templo maldito
264 _bLucasfilm
942 _cDVD
999 _c1446
_d1446